000 00222nam a2200085Ia 4500
008 150509s9999 xx 000 0 und d
082 _a519.50 246 58 STA
100 _aLEVINE, David M [et.al]
245 _aStatistics for managers
999 _c11501
_d11501